Normal view
MARC view
- Jain, V. K Franz, J. H
Entry Personal Name
001 - CONTROL NUMBER
- control field: 77763
003 - CONTROL NUMBER IDENTIFIER
- control field: NUST
005 - DATE AND TIME OF LATEST TRANSACTION
- control field: 20210628210008.0
008 - FIXED-LENGTH DATA ELEMENTS
- fixed length control field: 210628|| aca||aabn | a|a d
040 ## - CATALOGING SOURCE
- Original cataloging agency: NUST
- Transcribing agency: NUST
100 ## - HEADING--PERSONAL NAME
- Personal name: Jain, V. K Franz, J. H
670 ## - SOURCE DATA FOUND
- Source citation: Work cat.: (NUST): Jain, V. K Franz, J. H, Optical communications,component and systems analysis,design,optimization,application, 2000
